[Event "DVM U16 2017"]
[Site "Walldorf GER"]
[Date "2017.12.27"]
[Round "1"]
[White "Seref, Erdogan"]
[Black "Stepanov, Maximilian"]
[Result "1-0"]
[Termination "normal"]
[Board "3.4"]
[WhiteElo "1849"]
[BlackElo "1303"]
[WhiteClock "00:26:45"]
[BlackClock "00:17:31"]
[WhiteTeam "SF Brackel"]
[BlackTeam "SK Gräfelfing"]
[PlyCount "63"]
[WhiteFideId "16206827"]
[BlackFideId "16244680"]
[EventCountry "GER"]
[EventRounds "7"]
[EventType "team-swiss"]
[EventDate "2017.12.26"]

1. e4 d6 2. d4 g6 3. Nc3 Bg7 4. Be3 e6 5. Qd2 Nd7 6. Bc4 b6 7. Nge2 Bb7 8. f3
Ne7 9. O-O-O Nf8 10. Rhe1 Qd7 {[%clk 0:55:40]} 11. Bh6 {[%clk 1:08:08]} Bxh6
{[%clk 0:54:54]} 12. Qxh6 {[%clk 1:07:53]} Rg8 {[%clk 0:49:36]} 13. d5 {[%clk
0:57:52]} exd5 {[%clk 0:46:32]} 14. exd5 {[%clk 0:56:36]} O-O-O {[%clk
0:46:07]} 15. Bb5 {[%clk 0:39:19]} Qf5 {[%clk 0:42:07]} 16. Nd4 {[%clk
0:31:52]} Qf6 {[%clk 0:37:45]} 17. Ne4 {[%clk 0:29:05]} Qg7 {[%clk 0:33:45]}
18. Qxg7 {[%clk 0:26:12]} Rxg7 {[%clk 0:33:58]} 19. Nxd6+ {[%clk 0:25:26]} Rxd6
{[%clk 0:33:35]} 20. Rxe7 {[%clk 0:25:37]} Rxd5 {[%clk 0:21:07]} 21. Re8+
{[%clk 0:25:24]} Rd8 {[%clk 0:20:00]} 22. Rxd8+ {[%clk 0:25:41]} Kxd8 {[%clk
0:19:41]} 23. Ne6+ {[%clk 0:25:58]} Ke7 {[%clk 0:19:39]} 24. Nxg7 {[%clk
0:26:21]} f6 {[%clk 0:18:27]} 25. Re1+ {[%clk 0:26:19]} Kf7 {[%clk 0:18:33]}
26. Ne8 {[%clk 0:26:21]} Bc8 {[%clk 0:16:56]} 27. Bc4+ {[%clk 0:25:44]} Be6
{[%clk 0:17:11]} 28. Rxe6 {[%clk 0:25:22]} Nxe6 {[%clk 0:17:23]} 29. Nxc7
{[%clk 0:25:48]} Ke7 {[%clk 0:17:16]} 30. Nxe6 {[%clk 0:26:13]} h6 {[%clk
0:17:18]} 31. Kd2 {[%clk 0:26:25]} Kd6 {[%clk 0:17:31]} 32. Kd3 {[%clk
0:26:45]} 1-0

[Event "DVM U16 2017"]
[Site "Walldorf GER"]
[Date "2017.12.27"]
[Round "1"]
[White "Silber, Kevin"]
[Black "Hinrichs, Niklas"]
[Result "1-0"]
[Termination "normal"]
[Board "4.1"]
[WhiteElo "2038"]
[BlackElo "1975"]
[WhiteClock "00:00:57"]
[BlackClock "00:09:40"]
[WhiteTeam "Delmenhorster SK"]
[BlackTeam "SK Bingen"]
[PlyCount "83"]
[WhiteFideId "12930440"]
[BlackFideId "12942499"]
[EventCountry "GER"]
[EventRounds "7"]
[EventType "team-swiss"]
[EventDate "2017.12.26"]

1. e4 c5 2. c4 e5 3. Nc3 d6 4. Nge2 Ne7 5. g3 g6 6. Bg2 Bg7 7. d3 Nbc6 8. O-O
O-O 9. Nd5 Be6 10. Qb3 Rb8 11. Bg5 f6 12. Bd2 Nd4 13. Nxd4 {[%clk 1:22:05]}
cxd4 {[%clk 1:15:06]} 14. Qa3 {[%clk 1:15:50]} Nc8 {[%clk 0:44:25]} 15. Rac1
{[%clk 1:05:08]} Rf7 {[%clk 0:43:15]} 16. b4 {[%clk 0:57:03]} Bf8 {[%clk
0:40:55]} 17. f4 {[%clk 0:56:22]} b6 {[%clk 0:39:46]} 18. f5 {[%clk 0:51:29]}
Bd7 {[%clk 0:33:37]} 19. h4 {[%clk 0:47:49]} Rb7 {[%clk 0:30:17]} 20. b5 {[%clk
0:45:38]} Ne7 {[%clk 0:28:34]} 21. fxg6 {[%clk 0:34:57]} Nxg6 {[%clk 0:28:57]}
22. h5 {[%clk 0:35:07]} Nh8 {[%clk 0:28:54]} 23. Rf2 {[%clk 0:32:06]} Be6
{[%clk 0:25:59]} 24. Rcf1 {[%clk 0:28:49]} Bxd5 {[%clk 0:24:27]} 25. exd5
{[%clk 0:28:17]} Qd7 {[%clk 0:23:26]} 26. Rf5 {[%clk 0:26:46]} Be7 {[%clk
0:14:56]} 27. Bh3 {[%clk 0:19:39]} Rg7 {[%clk 0:13:59]} 28. Kg2 {[%clk
0:18:59]} Qe8 {[%clk 0:14:05]} 29. Bh6 {[%clk 0:17:41]} Nf7 {[%clk 0:14:15]}
30. Bxg7 {[%clk 0:14:59]} Kxg7 {[%clk 0:14:42]} 31. Qc1 {[%clk 0:07:28]} Ng5
{[%clk 0:13:32]} 32. h6+ {[%clk 0:03:48]} Kh8 {[%clk 0:12:50]} 33. Rxf6 {[%clk
0:02:08]} Bxf6 {[%clk 0:11:35]} 34. Rxf6 {[%clk 0:02:32]} Nxh3 {[%clk 0:11:48]}
35. Kxh3 {[%clk 0:02:50]} Rb8 {[%clk 0:08:43]} 36. Qg5 {[%clk 0:01:46]} Qd7+
{[%clk 0:08:40]} 37. Re6 {[%clk 0:00:58]} Qf7 {[%clk 0:08:58]} 38. Qf6+ {[%clk
0:00:45]} Qxf6 {[%clk 0:09:22]} 39. Rxf6 {[%clk 0:01:11]} Rd8 {[%clk 0:09:28]}
40. Kg4 {[%clk 0:01:10]} Kg8 {[%clk 0:09:51]} 41. Re6 {[%clk 0:00:46]} Kf7
{[%clk 0:09:40]} 42. Kf5 {[%clk 0:00:57]} 1-0

[Event "DVM U16 2017"]
[Site "Walldorf GER"]
[Date "2017.12.27"]
[Round "1"]
[White "Hinrichs, Paul"]
[Black "Steffens, Oliver"]
[Result "1-0"]
[Termination "normal"]
[Board "4.2"]
[WhiteElo "1830"]
[BlackElo "2064"]
[WhiteClock "00:03:11"]
[BlackClock "00:02:24"]
[WhiteTeam "SK Bingen"]
[BlackTeam "Delmenhorster SK"]
[PlyCount "85"]
[WhiteFideId "12942545"]
[BlackFideId "12947148"]
[EventCountry "GER"]
[EventRounds "7"]
[EventType "team-swiss"]
[EventDate "2017.12.26"]

1. d4 d5 2. c4 c6 3. Nc3 Nf6 4. e3 e6 5. Nf3 Be7 6. Bd3 O-O 7. O-O dxc4 8. Bxc4
b5 9. Bd3 Bb7 10. a3 a6 11. Qe2 c5 12. dxc5 Bxc5 13. b4 {[%clk 1:26:04]} Bd6
{[%clk 1:25:10]} 14. Bb2 {[%clk 1:25:40]} Nbd7 {[%clk 1:23:39]} 15. Rfd1 {[%clk
1:25:10]} Qe7 {[%clk 1:23:46]} 16. Rac1 {[%clk 1:03:53]} Rac8 {[%clk 1:21:22]}
17. Ng5 {[%clk 0:47:55]} Rfd8 {[%clk 1:09:16]} 18. Nce4 {[%clk 0:42:42]} Rxc1
{[%clk 1:06:50]} 19. Rxc1 {[%clk 0:33:26]} Nxe4 {[%clk 1:01:05]} 20. Bxe4
{[%clk 0:33:22]} Bxe4 {[%clk 1:00:24]} 21. Nxe4 {[%clk 0:33:46]} Bxh2+ {[%clk
1:00:36]} 22. Kxh2 {[%clk 0:33:48]} Qh4+ {[%clk 1:01:00]} 23. Kg1 {[%clk
0:34:14]} Qxe4 {[%clk 1:00:51]} 24. Rd1 {[%clk 0:34:32]} Kf8 {[%clk 0:50:47]}
25. Qd2 {[%clk 0:20:57]} f6 {[%clk 0:41:56]} 26. Qd6+ {[%clk 0:20:30]} Kf7
{[%clk 0:42:15]} 27. Rd2 {[%clk 0:08:16]} Qb7 {[%clk 0:29:00]} 28. f3 {[%clk
0:02:17]} Qc8 {[%clk 0:20:34]} 29. Kf2 {[%clk 0:00:33]} Qa8 {[%clk 0:09:25]}
30. Rd1 {[%clk 0:00:33]} a5 {[%clk 0:07:01]} 31. Bc3 {[%clk 0:00:34]} Qc8
{[%clk 0:07:12]} 32. Qd3 {[%clk 0:00:33]} Ke8 {[%clk 0:03:59]} 33. bxa5 {[%clk
0:01:00]} Qc4 {[%clk 0:02:15]} 34. Qxc4 {[%clk 0:00:44]} bxc4 {[%clk 0:02:41]}
35. Rd4 {[%clk 0:00:34]} Rc8 {[%clk 0:02:42]} 36. a6 {[%clk 0:00:51]} e5 {[%clk
0:02:13]} 37. Rd6 {[%clk 0:00:53]} Ke7 {[%clk 0:01:26]} 38. Bb4 {[%clk
0:01:20]} Nc5 {[%clk 0:01:49]} 39. Rd5 {[%clk 0:01:23]} c3 {[%clk 0:01:58]} 40.
Rxc5 {[%clk 0:01:52]} Rxc5 {[%clk 0:02:05]} 41. Bxc5+ {[%clk 0:02:21]} Kd7
{[%clk 0:02:27]} 42. Ke2 {[%clk 0:02:43]} g5 {[%clk 0:02:24]} 43. a7 {[%clk
0:03:11]} 1-0

[Event "DVM U16 2017"]
[Site "Walldorf GER"]
[Date "2017.12.27"]
[Round "1"]
[White "Petri, Ben-Luca"]
[Black "Lutterbach, Jakob"]
[Result "0-1"]
[Termination "normal"]
[Board "4.3"]
[WhiteElo "1747"]
[BlackElo "1581"]
[WhiteClock "01:13:19"]
[BlackClock "00:21:49"]
[WhiteTeam "Delmenhorster SK"]
[BlackTeam "SK Bingen"]
[PlyCount "58"]
[WhiteFideId "12947261"]
[BlackFideId "16208498"]
[EventCountry "GER"]
[EventRounds "7"]
[EventType "team-swiss"]
[EventDate "2017.12.26"]

1. Nf3 d5 2. b3 Nf6 3. Bb2 Bf5 4. e3 c6 5. Be2 e6 6. O-O Nbd7 7. c4 Bd6 8. d3
O-O 9. Nh4 Bg6 {[%clk 1:23:21]} 10. Nxg6 {[%clk 1:32:08]} hxg6 {[%clk 1:23:44]}
11. Nd2 {[%clk 1:32:22]} e5 {[%clk 1:22:06]} 12. cxd5 {[%clk 1:31:26]} cxd5
{[%clk 1:22:15]} 13. Bf3 {[%clk 1:28:57]} Qe7 {[%clk 1:19:48]} 14. Rc1 {[%clk
1:23:35]} Nb6 {[%clk 1:08:24]} 15. Qc2 {[%clk 1:21:26]} Rac8 {[%clk 1:07:45]}
16. Qb1 {[%clk 1:21:55]} Bb4 {[%clk 1:02:35]} 17. Rfd1 {[%clk 1:21:23]} Rxc1
{[%clk 1:02:41]} 18. Qxc1 {[%clk 1:21:24]} Rc8 {[%clk 1:02:58]} 19. Qa1 {[%clk
1:16:36]} Rc2 {[%clk 0:49:13]} 20. Nb1 {[%clk 1:15:37]} e4 {[%clk 0:48:32]} 21.
dxe4 {[%clk 1:15:48]} dxe4 {[%clk 0:48:21]} 22. Bxf6 {[%clk 1:16:03]} gxf6
{[%clk 0:46:23]} 23. Bg4 {[%clk 1:15:32]} f5 {[%clk 0:46:20]} 24. Bh3 {[%clk
1:15:54]} Qc7 {[%clk 0:38:50]} 25. a3 {[%clk 1:14:14]} Bd6 {[%clk 0:30:40]} 26.
Qf6 {[%clk 1:13:07]} Rc1 {[%clk 0:24:42]} 27. Qd4 {[%clk 1:13:12]} Qc2 {[%clk
0:21:50]} 28. Nc3 {[%clk 1:12:55]} Qxc3 {[%clk 0:21:25]} 29. Qxd6 {[%clk
1:13:19]} Qe1+ {[%clk 0:21:49]} 0-1

[Event "DVM U16 2017"]
[Site "Walldorf GER"]
[Date "2017.12.27"]
[Round "1"]
[White "Berstler, Tobias"]
[Black "Sinnhöfer, Jonas"]
[Result "0-1"]
[Termination "normal"]
[Board "4.4"]
[WhiteElo "1616"]
[BlackElo "1853"]
[WhiteClock "00:00:58"]
[BlackClock "00:27:47"]
[WhiteTeam "SK Bingen"]
[BlackTeam "Delmenhorster SK"]
[PlyCount "140"]
[WhiteFideId "16242661"]
[BlackFideId "12982938"]
[EventCountry "GER"]
[EventRounds "7"]
[EventType "team-swiss"]
[EventDate "2017.12.26"]

1. e4 e6 2. d4 c5 3. Nf3 cxd4 4. Nxd4 a6 5. Bd3 Qc7 6. O-O Nc6 7. Nb3 Nf6 8.
Be3 Nb4 9. f3 d5 10. exd5 Nfxd5 11. Bf2 Bd6 12. h3 Nxd3 13. cxd3 O-O 14. N1d2
Bg3 15. Bxg3 Qxg3 16. Ne4 Qg6 17. Qd2 e5 18. Kh2 f5 19. Nc3 Nf4 20. g3 Nh5
{[%clk 0:58:50]} 21. Rg1 {[%clk 0:40:04]} Rd8 {[%clk 0:54:40]} 22. Qe2 {[%clk
0:38:13]} Be6 {[%clk 0:44:24]} 23. Nc5 {[%clk 0:34:23]} Re8 {[%clk 0:35:34]}
24. Nxb7 {[%clk 0:28:04]} Bc8 {[%clk 0:25:11]} 25. Nc5 {[%clk 0:23:49]} Qd6
{[%clk 0:22:52]} 26. Nb3 {[%clk 0:22:07]} Bb7 {[%clk 0:22:08]} 27. Na5 {[%clk
0:18:36]} Bd5 {[%clk 0:21:59]} 28. Nc4 {[%clk 0:16:08]} Bxc4 {[%clk 0:21:12]}
29. dxc4 {[%clk 0:16:27]} Nf6 {[%clk 0:21:29]} 30. Rad1 {[%clk 0:16:23]} Qc6
{[%clk 0:21:50]} 31. Nd5 {[%clk 0:15:34]} Nd7 {[%clk 0:20:36]} 32. b3 {[%clk
0:13:29]} Rad8 {[%clk 0:18:40]} 33. Rge1 {[%clk 0:12:59]} g6 {[%clk 0:17:07]}
34. f4 e4 {[%clk 0:14:56]} 35. g4 {[%clk 0:08:16]} Nf6 {[%clk 0:13:17]} 36.
Ne7+ {[%clk 0:07:55]} Rxe7 {[%clk 0:13:26]} 37. Rxd8+ {[%clk 0:08:09]} Kf7
{[%clk 0:13:45]} 38. Rdd1 {[%clk 0:05:56]} Qc7 {[%clk 0:13:03]} 39. Kg3 {[%clk
0:05:55]} h5 {[%clk 0:12:14]} 40. g5 {[%clk 0:05:12]} h4+ {[%clk 0:12:16]} 41.
Kg2 {[%clk 0:04:09]} Nh5 {[%clk 0:12:22]} 42. Qd2 {[%clk 0:00:47]} Nxf4+ {[%clk
0:12:28]} 43. Kh1 {[%clk 0:00:38]} Nd3 {[%clk 0:11:54]} 44. Rf1 {[%clk
0:27:54]} Qc6 {[%clk 0:40:20]} 45. Qe3 {[%clk 0:22:53]} Kg8 {[%clk 0:36:28]}
46. Kg1 {[%clk 0:19:49]} Qd6 {[%clk 0:35:52]} 47. c5 {[%clk 0:16:21]} Qc7
{[%clk 0:33:29]} 48. Rxd3 {[%clk 0:08:06]} exd3 {[%clk 0:33:27]} 49. Qxd3
{[%clk 0:08:22]} Qxc5+ {[%clk 0:33:20]} 50. Kg2 {[%clk 0:08:09]} Qc6+ {[%clk
0:33:16]} 51. Rf3 {[%clk 0:07:36]} Re4 {[%clk 0:32:41]} 52. Kf2 {[%clk
0:03:12]} Qc7 {[%clk 0:31:39]} 53. Kg2 {[%clk 0:01:57]} Qe7 {[%clk 0:30:25]}
54. Kf2 {[%clk 0:00:46]} Qxg5 {[%clk 0:30:17]} 55. Qd5+ {[%clk 0:00:37]} Kg7
{[%clk 0:30:18]} 56. Qb7+ {[%clk 0:00:41]} Re7 {[%clk 0:30:43]} 57. Qd5 {[%clk
0:00:40]} Qf6 {[%clk 0:29:48]} 58. Qd2 {[%clk 0:00:32]} Qe5 {[%clk 0:27:17]}
59. Qc3 {[%clk 0:00:32]} Kf6 {[%clk 0:27:45]} 60. Qxe5+ {[%clk 0:00:33]} Rxe5
{[%clk 0:28:14]} 61. Re3 {[%clk 0:00:44]} Rxe3 {[%clk 0:24:29]} 62. Kxe3 {[%clk
0:01:04]} Ke5 {[%clk 0:24:56]} 63. b4 {[%clk 0:00:45]} g5 {[%clk 0:25:20]} 64.
a4 {[%clk 0:01:09]} Kd5 {[%clk 0:25:46]} 65. b5 {[%clk 0:01:30]} axb5 {[%clk
0:26:09]} 66. axb5 {[%clk 0:01:17]} Kc5 {[%clk 0:26:38]} 67. b6 {[%clk
0:01:22]} Kxb6 {[%clk 0:27:04]} 68. Kf3 {[%clk 0:00:59]} Kc5 {[%clk 0:27:25]}
69. Kf2 {[%clk 0:00:36]} Kd4 {[%clk 0:27:47]} 70. Kf3 {[%clk 0:00:58]} Ke5 0-1

[Event "DVM U16 2017"]
[Site "Walldorf GER"]
[Date "2017.12.27"]
[Round "1"]
[White "Mühlpfordt, Thomas"]
[Black "Browning, Alex"]
[Result "0-1"]
[Termination "normal"]
[Board "5.1"]
[WhiteElo "1951"]
[BlackElo "2164"]
[WhiteClock "00:01:04"]
[BlackClock "00:18:17"]
[WhiteTeam "SC 1997 Lambsheim"]
[BlackTeam "MS Halver-Schalksmühle"]
[PlyCount "74"]
[WhiteFideId "12986623"]
[BlackFideId "12984019"]
[EventCountry "GER"]
[EventRounds "7"]
[EventType "team-swiss"]
[EventDate "2017.12.26"]

1. e4 c5 2. Nf3 d6 3. d4 cxd4 4. Nxd4 Nf6 5. Nc3 a6 6. Bc4 e6 7. Bb3 Nbd7 8.
Be3 Nc5 9. f3 b5 10. Qe2 Bb7 11. O-O-O Qa5 {[%clk 1:23:17]} 12. g4 {[%clk
1:13:20]} Rc8 {[%clk 1:09:57]} 13. h4 {[%clk 1:04:40]} b4 {[%clk 0:58:00]} 14.
Nb1 {[%clk 1:02:43]} Nxb3+ {[%clk 0:51:04]} 15. axb3 {[%clk 1:02:04]} Nd7
{[%clk 0:51:10]} 16. c4 {[%clk 0:35:57]} bxc3 {[%clk 0:50:26]} 17. bxc3 {[%clk
0:32:56]} Be7 {[%clk 0:35:48]} 18. Kd2 {[%clk 0:30:09]} O-O {[%clk 0:34:44]}
19. Ke1 {[%clk 0:29:09]} d5 {[%clk 0:33:22]} 20. b4 {[%clk 0:26:40]} Qc7 {[%clk
0:33:33]} 21. exd5 {[%clk 0:26:12]} Bxd5 {[%clk 0:32:29]} 22. Kf2 {[%clk
0:25:04]} Qb7 {[%clk 0:32:38]} 23. Rc1 {[%clk 0:22:16]} Ne5 {[%clk 0:32:51]}
24. Rhd1 {[%clk 0:18:51]} Bxh4+ {[%clk 0:33:07]} 25. Kg2 {[%clk 0:17:48]} Nxg4
{[%clk 0:32:51]} 26. Rh1 {[%clk 0:12:28]} Bf6 {[%clk 0:31:45]} 27. Nd2 {[%clk
0:11:03]} Qc7 {[%clk 0:30:03]} 28. c4 {[%clk 0:08:59]} Bb7 {[%clk 0:28:45]} 29.
Ne4 {[%clk 0:07:03]} Be7 {[%clk 0:21:45]} 30. c5 {[%clk 0:05:39]} Ne5 {[%clk
0:19:04]} 31. Qc2 {[%clk 0:03:58]} g6 {[%clk 0:17:51]} 32. Ng5 {[%clk 0:01:29]}
Ng4 {[%clk 0:16:54]} 33. Qe2 {[%clk 0:00:39]} Qe5 {[%clk 0:17:01]} 34. Ne4 Bxe4
{[%clk 0:17:15]} 35. fxe4 {[%clk 0:00:36]} Qxe4+ {[%clk 0:17:40]} 36. Kg3
{[%clk 0:00:37]} Qxe3+ {[%clk 0:18:04]} 37. Kxg4 {[%clk 0:01:04]} f5+ {[%clk
0:18:17]} 0-1

[Event "DVM U16 2017"]
[Site "Walldorf GER"]
[Date "2017.12.27"]
[Round "1"]
[White "Browning, Rebecca"]
[Black "Wacker, Andreas"]
[Result "1/2-1/2"]
[Termination "normal"]
[Board "5.2"]
[WhiteElo "1874"]
[BlackElo "1823"]
[WhiteClock "00:31:29"]
[BlackClock "00:07:46"]
[WhiteTeam "MS Halver-Schalksmühle"]
[BlackTeam "SC 1997 Lambsheim"]
[PlyCount "44"]
[WhiteFideId "12984027"]
[BlackFideId "12953083"]
[EventCountry "GER"]
[EventRounds "7"]
[EventType "team-swiss"]
[EventDate "2017.12.26"]

1. e4 c6 2. d4 d5 3. f3 e6 4. Nc3 Ne7 5. Bd3 g6 6. e5 Nd7 7. f4 c5 {[%clk
1:03:10]} 8. Nf3 {[%clk 1:18:02]} Nc6 {[%clk 0:59:09]} 9. O-O {[%clk 1:13:20]}
cxd4 {[%clk 0:52:05]} 10. Ne2 {[%clk 1:12:09]} Qb6 {[%clk 0:48:57]} 11. Kh1
{[%clk 1:08:23]} Bc5 {[%clk 0:42:28]} 12. a3 {[%clk 1:05:53]} a5 {[%clk
0:40:37]} 13. b3 {[%clk 1:02:01]} Ndb8 {[%clk 0:32:39]} 14. Bb2 {[%clk
1:02:07]} Bd7 {[%clk 0:28:18]} 15. Ra2 {[%clk 0:58:42]} Na6 {[%clk 0:20:00]}
16. Ng3 {[%clk 0:48:54]} h5 {[%clk 0:17:54]} 17. h4 {[%clk 0:48:54]} Nc7 {[%clk
0:17:17]} 18. Qd2 {[%clk 0:39:53]} Rc8 {[%clk 0:14:11]} 19. Raa1 {[%clk
0:33:02]} Nb5 {[%clk 0:12:50]} 20. Ne2 {[%clk 0:32:00]} O-O {[%clk 0:11:22]}
21. Ng5 {[%clk 0:31:27]} Kg7 {[%clk 0:11:00]} 22. Ng3 {[%clk 0:31:29]} Ne7
{[%clk 0:07:46]} 1/2-1/2

[Event "DVM U16 2017"]
[Site "Walldorf GER"]
[Date "2017.12.27"]
[Round "1"]
[White "Dalchow, Jonas"]
[Black "Kölz, Niklas"]
[Result "0-1"]
[Termination "normal"]
[Board "5.3"]
[WhiteElo "1758"]
[BlackElo "1712"]
[WhiteClock "00:00:46"]
[BlackClock "01:01:23"]
[WhiteTeam "SC 1997 Lambsheim"]
[BlackTeam "MS Halver-Schalksmühle"]
[PlyCount "62"]
[WhiteFideId "12971251"]
[BlackFideId "12971758"]
[EventCountry "GER"]
[EventRounds "7"]
[EventType "team-swiss"]
[EventDate "2017.12.26"]

1. e4 c5 2. Nf3 e6 3. d3 Nc6 4. g3 g6 5. Bg2 Bg7 6. Nbd2 Nge7 7. O-O O-O 8. Re1
e5 9. Bh3 d6 10. Bxc8 {[%clk 1:17:03]} Qxc8 {[%clk 1:25:13]} 11. c4 {[%clk
1:12:42]} f5 {[%clk 1:24:25]} 12. Nb3 {[%clk 1:02:22]} h6 {[%clk 1:23:34]} 13.
Bd2 {[%clk 1:00:00]} f4 {[%clk 1:22:10]} 14. Rf1 {[%clk 0:55:39]} g5 {[%clk
1:22:05]} 15. Ne1 {[%clk 0:50:14]} Qh3 {[%clk 1:19:55]} 16. Qf3 {[%clk
0:46:03]} fxg3 {[%clk 1:19:33]} 17. Qxg3 {[%clk 0:45:40]} Qh5 {[%clk 1:19:31]}
18. f3 {[%clk 0:41:43]} Nd8 {[%clk 1:16:57]} 19. Nc2 {[%clk 0:37:33]} Ne6
{[%clk 1:16:19]} 20. Rae1 {[%clk 0:32:23]} Nf4 {[%clk 1:14:12]} 21. Re3 {[%clk
0:31:30]} Qg6 {[%clk 1:13:34]} 22. Nc1 {[%clk 0:27:01]} h5 {[%clk 1:11:20]} 23.
h3 {[%clk 0:22:36]} Qe6 {[%clk 1:09:38]} 24. Kh2 {[%clk 0:19:52]} Bh6 {[%clk
1:09:35]} 25. Ree1 {[%clk 0:15:50]} Neg6 {[%clk 1:08:32]} 26. Ne3 {[%clk
0:12:37]} Nh4 {[%clk 1:03:00]} 27. Rf2 {[%clk 0:07:11]} Kh7 {[%clk 1:02:22]}
28. Nd5 {[%clk 0:03:48]} Rf7 {[%clk 1:01:57]} 29. Nxf4 {[%clk 0:02:29]} exf4
{[%clk 1:02:17]} 30. Qg1 {[%clk 0:02:37]} Ng6 {[%clk 1:01:51]} 31. Bc3 {[%clk
0:00:46]} Ne5 {[%clk 1:01:23]} 0-1

[Event "DVM U16 2017"]
[Site "Walldorf GER"]
[Date "2017.12.27"]
[Round "1"]
[White "Scholz, Sebastian"]
[Black "Dalchow, Mario"]
[Result "1-0"]
[Termination "normal"]
[Board "5.4"]
[WhiteElo "1729"]
[BlackElo "1619"]
[WhiteClock "00:47:25"]
[BlackClock "00:12:01"]
[WhiteTeam "MS Halver-Schalksmühle"]
[BlackTeam "SC 1997 Lambsheim"]
[PlyCount "107"]
[WhiteFideId "16202597"]
[BlackFideId "12971421"]
[EventCountry "GER"]
[EventRounds "7"]
[EventType "team-swiss"]
[EventDate "2017.12.26"]

1. e4 c6 2. d4 d5 3. exd5 cxd5 4. c4 dxc4 5. Bxc4 e6 6. Nf3 Nc6 7. O-O Nge7 8.
Nc3 h6 9. Re1 Nb4 10. Qa4+ Nbc6 11. d5 exd5 12. Bxd5 Qd6 13. Bf4 Qf6 14. Nb5
Kd8 15. Bc7+ Ke8 16. Ne5 Nxd5 {[%clk 0:31:40]} 17. Ng4+ {[%clk 0:55:54]} Qe6
{[%clk 0:30:18]} 18. Rxe6+ {[%clk 0:55:24]} Bxe6 {[%clk 0:30:38]} 19. Bg3
{[%clk 0:48:57]} Bb4 {[%clk 0:28:15]} 20. Ne3 {[%clk 0:48:42]} Ke7 {[%clk
0:21:45]} 21. Nxd5+ {[%clk 0:48:25]} Bxd5 {[%clk 0:21:57]} 22. a3 {[%clk
0:48:30]} Bc5 {[%clk 0:20:11]} 23. Nc7 {[%clk 0:47:58]} Rad8 {[%clk 0:20:02]}
24. Nxd5+ {[%clk 0:48:15]} Kf8 {[%clk 0:14:01]} 25. Rd1 {[%clk 0:41:29]} g6
{[%clk 0:11:13]} 26. Qc2 {[%clk 0:40:02]} Bd4 {[%clk 0:09:30]} 27. Rxd4 {[%clk
0:40:14]} Nxd4 {[%clk 0:09:44]} 28. Qc5+ {[%clk 0:40:39]} Kg8 {[%clk 0:08:19]}
29. Qxd4 {[%clk 0:41:01]} f6 {[%clk 0:07:38]} 30. h4 {[%clk 0:40:30]} Kh7
{[%clk 0:07:17]} 31. Nxf6+ {[%clk 0:40:39]} Kg7 {[%clk 0:07:09]} 32. Ne8+
{[%clk 0:40:59]} Kf7 {[%clk 0:06:31]} 33. Qxh8 {[%clk 0:40:55]} Rxe8 {[%clk
0:06:47]} 34. Qh7+ {[%clk 0:41:20]} Kf6 {[%clk 0:06:55]} 35. Qxb7 {[%clk
0:41:36]} Re7 {[%clk 0:06:53]} 36. Qf3+ {[%clk 0:41:38]} Kg7 {[%clk 0:07:06]}
37. Qc3+ {[%clk 0:42:02]} Kf7 {[%clk 0:07:15]} 38. Bd6 {[%clk 0:42:11]} Re4
{[%clk 0:07:22]} 39. Qf3+ {[%clk 0:42:34]} Ke6 {[%clk 0:07:33]} 40. Qxe4+
{[%clk 0:42:58]} Kxd6 {[%clk 0:07:52]} 41. Qxg6+ {[%clk 0:43:17]} Kc5 {[%clk
0:08:12]} 42. Qd3 {[%clk 0:43:26]} h5 {[%clk 0:08:25]} 43. b4+ {[%clk 0:43:50]}
Kb6 {[%clk 0:08:48]} 44. Qd5 {[%clk 0:44:09]} a6 {[%clk 0:09:06]} 45. Qc5+
{[%clk 0:44:32]} Kb7 {[%clk 0:09:27]} 46. f4 {[%clk 0:44:54]} a5 {[%clk
0:09:48]} 47. f5 {[%clk 0:45:17]} axb4 {[%clk 0:10:02]} 48. axb4 {[%clk
0:45:42]} Ka6 {[%clk 0:10:24]} 49. Qc6+ {[%clk 0:45:59]} Ka7 {[%clk 0:10:42]}
50. f6 {[%clk 0:46:22]} Kb8 {[%clk 0:10:58]} 51. f7 {[%clk 0:46:46]} Ka7 {[%clk
0:11:25]} 52. Qb5 {[%clk 0:47:01]} Ka8 {[%clk 0:11:43]} 53. f8=Q+ {[%clk
0:47:25]} Ka7 {[%clk 0:12:01]} 54. Qfb8# 1-0

[Event "DVM U16 2017"]
[Site "Walldorf GER"]
[Date "2017.12.27"]
[Round "1"]
[White "Wendler, David"]
[Black "Runte, Moritz"]
[Result "1-0"]
[Termination "normal"]
[Board "6.1"]
[WhiteElo "2123"]
[BlackElo "1978"]
[WhiteClock "00:01:04"]
[BlackClock "00:00:34"]
[WhiteTeam "SK Bebenhausen"]
[BlackTeam "SV Hemer"]
[PlyCount "81"]
[WhiteFideId "12938360"]
[BlackFideId "12991449"]
[EventCountry "GER"]
[EventRounds "7"]
[EventType "team-swiss"]
[EventDate "2017.12.26"]

1. e4 e5 2. Nf3 Nc6 3. Bb5 a6 4. Ba4 Nf6 5. d3 d6 6. c3 g6 7. O-O Bg7 8. Re1
O-O 9. Nbd2 Re8 10. Nf1 h6 11. Ne3 b5 12. Bb3 Na5 13. Bc2 {[%clk 1:00:57]} c5
{[%clk 1:17:55]} 14. Bd2 {[%clk 0:55:53]} Bb7 {[%clk 1:12:28]} 15. b4 {[%clk
0:47:44]} Nc6 {[%clk 1:07:38]} 16. Bb3 {[%clk 0:46:58]} c4 {[%clk 1:00:53]} 17.
dxc4 {[%clk 0:47:13]} Nxe4 {[%clk 1:01:07]} 18. cxb5 {[%clk 0:43:45]} axb5
{[%clk 1:00:53]} 19. Nd5 {[%clk 0:39:19]} Nxd2 {[%clk 0:59:07]} 20. Nxd2 {[%clk
0:33:27]} Kh7 {[%clk 0:51:31]} 21. Qe2 {[%clk 0:32:53]} Ne7 {[%clk 0:51:43]}
22. Qxb5 {[%clk 0:23:44]} Rb8 {[%clk 0:33:50]} 23. Nxe7 {[%clk 0:23:05]} Qxe7
{[%clk 0:32:57]} 24. Bd5 {[%clk 0:22:21]} Rec8 {[%clk 0:31:08]} 25. Rac1 {[%clk
0:16:52]} f5 {[%clk 0:29:44]} 26. Bxb7 {[%clk 0:16:01]} Rxb7 {[%clk 0:30:01]}
27. Qd5 {[%clk 0:15:21]} e4 {[%clk 0:28:48]} 28. Nc4 {[%clk 0:09:43]} Rbc7
{[%clk 0:26:30]} 29. Qxd6 {[%clk 0:09:34]} Qg5 {[%clk 0:26:36]} 30. h4 {[%clk
0:08:58]} Qxh4 {[%clk 0:25:00]} 31. Ne3 {[%clk 0:06:25]} Rxc3 {[%clk 0:20:40]}
32. Rxc3 {[%clk 0:05:35]} Rxc3 {[%clk 0:21:00]} 33. g3 {[%clk 0:04:20]} Qg5
{[%clk 0:18:47]} 34. b5 {[%clk 0:04:42]} Rd3 {[%clk 0:16:55]} 35. Qc7 {[%clk
0:04:57]} Rc3 {[%clk 0:11:05]} 36. b6 {[%clk 0:03:59]} f4 {[%clk 0:07:00]} 37.
Qxf4 {[%clk 0:04:04]} Qb5 {[%clk 0:07:08]} 38. a4 {[%clk 0:03:29]} Qc6 {[%clk
0:04:16]} 39. a5 {[%clk 0:03:52]} Rc5 {[%clk 0:04:22]} 40. Rb1 {[%clk 0:03:22]}
g5 {[%clk 0:00:34]} 41. Qf7 {[%clk 0:01:04]} 1-0